zpět

Detail výsledku týmu

Restaurace Mamut, Most

Datum a čas kvízu

32.5 Celkem bodů Celkový počet nahraných bodů na tomto kvízu bez doplňovacích otázek.
3. Pořadí na kvízu Konečné umístění týmu na tomto kvízu.

Zaznamenané odpovědi

# Otázka Odpověď Body Výsledky
1. V úterý jsme se dozvěděli, že... Lidové noviny 1
2. Minulý týden rozsáhlý výpadek... CrowdStrike 0
3. Jak se jmenuje slavný americký... Travis Scott 1
4. Česká obchodní inspekce minulý... Penny Market 1
5. Minulý týden byl jako přestup... Roman Červenka 1
6. Na hudební téma Přátelství z m... v 18. století 1
7. Jak zní název československého... Přátelé Zeleného údolí 1
8. Zprovoznění sociální sítě Face... B 1
9. Kterým slovem na F označují če... frazém 0
10. Huckleberry Finn je jednou ze... Mark Twain, Dobrodružství Toma Sawyera 1